| 000 | 00501nam a2200181Ia 4500 | ||
|---|---|---|---|
| 001 | 23506 | ||
| 005 | 20260414150942.0 | ||
| 008 | 260414t9999||||xx |||||||||||||| ||spa|| | ||
| 041 | _aESP | ||
| 082 |
_a660 _bD98 |
||
| 100 |
_aDurán Ramírez, Felipe _eAUT |
||
| 245 | 0 |
_aLa biblia de las recetas industriales : _bobra de fácil consulta para diferentes procesos industriales |
|
| 260 | _c0 | ||
| 300 |
_a1328 páginas : _c27 cm. |
||
| 650 | _aTCA | ||
| 654 | _aCII | ||
| 942 |
_cLIB _dJUS _fJUS _2ddc _n |
||
| 999 |
_c23506 _d23506 |
||